| 000 | 01451cam a2200361 ab4500 | ||
|---|---|---|---|
| 999 |
_c3928 _d3928 |
||
| 001 | 2345371 | ||
| 003 | OSt | ||
| 005 | 20241121152753.0 | ||
| 008 | 211222t20152013enk j 000 1 eng d | ||
| 020 |
_a9781406364934 _q(pbk.) : |
||
| 040 |
_aUKBTC _beng _cUKBTC _dUKBTC _dCN5O4 _dOCLCO _dOCLCF _dOCL _dCWJ _dOCL _dATMAZ _dTCPL _dKH8 _eaacr2 |
||
| 042 | _anbic | ||
| 082 | 0 | _a823.914 HOR | |
| 100 | 1 |
_aHorowitz, Anthony, _d1955- _eaut. |
|
| 245 | 1 | 0 |
_aRussian roulette / _cAnthony Horowitz. |
| 260 |
_aLondon : _bWalker Books Ltd, _c2015. |
||
| 300 |
_a404 pages ; _c20 cm. |
||
| 490 | 1 |
_aAlex Rider ; _vbk 10. |
|
| 500 | _aFirst published 2013 by Walker Books Ltd, London. | ||
| 520 | _aPresented with an unexpected assignment, Alex Rider's greatest nemesis, Yassen Gregoravich, recalls his life and the path that led him to become an assassin while his one-time friend, Alex's uncle, became a spy. | ||
| 600 | 1 | 0 |
_aRider, Alex _c(Fictitious character) _vJuvenile fiction. |
| 610 | 1 | 0 |
_aGreat Britain. _bMI6 _vJuvenile fiction. |
| 650 | 0 |
_aAssassins _vJuvenile fiction. |
|
| 650 | 0 |
_aOrphans _vJuvenile fiction. |
|
| 650 | 0 |
_aTeenage boys _vJuvenile fiction. |
|
| 650 | 0 | _aSpy stories. | |
| 650 | 0 | _aAdventure stories. | |
| 650 | 0 | _aYoung adult fiction. | |
| 651 | 0 |
_aRussia (Federation) _xHistory _y1991- _vJuvenile fiction. |
|
| 800 | 1 |
_aHorowitz, Anthony, _d1955- _tAlex Rider adventure ; _v10. |
|
| 830 | 0 |
_aAlex Rider ; _vbk 10. |
|
| 942 |
_2ddc _cFIC |
||